[Event "Olympiad Women-45"]
[Site "Budapest"]
[Date "2024.09.16"]
[Round "6.50"]
[White "Teshome, Wubrist Bekele"]
[Black "Munoz Cortez, Anahi Alexandra"]
[Result "0-1"]
[WhiteElo "1614"]
[BlackElo "1868"]
[PlyCount "101"]
[EventDate "2024.09.11"]
[EventType "team-swiss"]
[EventRounds "11"]
[EventCountry "HUN"]
[SourceTitle "EXT 2025"]
[Source "ChessBase"]
[SourceDate "2024.10.14"]
[SourceVersion "1"]
[SourceVersionDate "2024.10.14"]
[SourceQuality "1"]
[WhiteTeam "Ethiopia (W)"]
[BlackTeam "Nicaragua (W)"]
[WhiteTeamCountry "ETH"]
[BlackTeamCountry "NCA"]

1. e4 e6 2. Nf3 d5 3. e5 c5 4. d4 Nc6 5. Be3 Qb6 6. dxc5 Bxc5 7. Bxc5 Qxc5 8. a3 Nge7 9. Bd3 Bd7 10. 0-0 Ng6 11. Re1 Qb6 12. b4 a5 13. bxa5 Rxa5 14. Nc3 Qb2 15. Nb5 Rxb5 16. Bxb5 Qxb5 17. Re3 Qc5 18. Rb1 Na5 19. Nd4 Nc4 20. Reb3 b6 21. Nf3 0-0 22. Nd2 Ngxe5 23. Nxc4 Nxc4 24. Rc3 Rc8 25. Rb4 Qe7 26. Qd4 Qf6 27. Qxf6 gxf6 28. h4 Ra8 29. Rg3+ Kh8 30. h5 h6 31. Rbb3 Ba4 32. Rbc3 Rg8 33. Rxg8+ Kxg8 34. Kh2 f5 35. Kh3 Kg7 36. f4 Kf6 37. g3 Ke7 38. g4 fxg4+ 39. Kxg4 Bxc2 40. Kh4 Be4 41. a4 Kd6 42. Rg3 Kc5 43. Rg7 Nd6 44. Rg1 d4 45. Kg3 Nc4 46. Kf2 Bc2 47. Rg7 d3 48. Rxf7 d2 49. Rd7 d1Q 50. Rxd1 Bxd1 51. Kg3 0-1

[Event "Olympiad Women-45"]
[Site "Budapest"]
[Date "2024.09.15"]
[Round "5.33"]
[White "Munoz Cortez, Anahi Alexandra"]
[Black "Jacimovic, Sara"]
[Result "1/2-1/2"]
[WhiteElo "1868"]
[BlackElo "1981"]
[PlyCount "94"]
[EventDate "2024.09.11"]
[EventType "team-swiss"]
[EventRounds "11"]
[EventCountry "HUN"]
[SourceTitle "EXT 2025"]
[Source "ChessBase"]
[SourceDate "2024.10.14"]
[SourceVersion "1"]
[SourceVersionDate "2024.10.14"]
[SourceQuality "1"]
[WhiteTeam "Nicaragua (W)"]
[BlackTeam "Bosnia & Herzegovina (W)"]
[WhiteTeamCountry "NCA"]
[BlackTeamCountry "BIH"]

1. e4 e5 2. Nf3 Nc6 3. Bc4 Nf6 4. d3 h6 5. Nbd2 d6 6. c3 g5 7. h3 Bg7 8. Nf1 Ne7 9. g4 d5 10. exd5 Nfxd5 11. Ng3 Rf8 12. Qe2 Qd6 13. Qe4 f5 14. gxf5 Bxf5 15. Nxf5 Rxf5 16. h4 gxh4 17. Nxh4 Rf7 18. Be3 0-0-0 19. 0-0-0 Kb8 20. Rdg1 Bf8 21. Ng6 Rf6 22. Nxe5 Nxe3 23. fxe3 Rc8 24. Rg2 a6 25. d4 c5 26. Rd1 Rf5 27. Nf7 Qf6 28. Be6 cxd4 29. Bxf5 Nxf5 30. Qe5+ Qxe5 31. Nxe5 Nxe3 32. Rg8 dxc3 33. Rdg1 cxb2+ 34. Kxb2 Ka7 35. Kb3 Rc5 36. Rxf8 Rxe5 37. Rg7 Rb5+ 38. Kc3 Nd5+ 39. Kd4 Nb4 40. a4 Nc6+ 41. Kc3 Rb1 42. Rf6 Rh1 43. Kb2 Rh2+ 44. Ka3 Rh3+ 45. Kb2 Rh2+ 46. Ka3 Rh3+ 47. Kb2 Rh2+ 1/2-1/2

[Event "NCA-ch (Women)"]
[Site "Managua"]
[Date "2023.04.16"]
[Round "9"]
[White "Pena Baltodano, Yaddolly"]
[Black "Munoz Cortez, Anahi Alexandra"]
[Result "0-1"]
[WhiteElo "1163"]
[BlackElo "1437"]
[PlyCount "102"]
[EventDate "2023.03.25"]
[EventType "swiss"]
[EventRounds "9"]
[EventCountry "NCA"]
[SourceTitle "EXT 2024"]
[Source "ChessBase"]
[SourceDate "2023.10.10"]
[SourceVersion "1"]
[SourceVersionDate "2023.10.10"]
[SourceQuality "1"]

1. e4 e5 2. Nf3 Nc6 3. d4 exd4 4. Nxd4 Nxd4 5. Qxd4 d6 6. Nc3 Nf6 7. Bg5 Be7 8. Bc4 Be6 9. Bxe6 fxe6 10. 0-0 0-0 11. Rad1 e5 12. Qd3 h6 13. Bxf6 Bxf6 14. b3 Be7 15. Qd5+ Kh8 16. Qxb7 Qb8 17. Qc6 Bg5 18. Nd5 Rf7 19. Qc4 Qf8 20. f3 Rc8 21. Qd3 c6 22. Nc3 Rd8 23. Kh1 Qe7 24. Ne2 Bf4 25. Nxf4 Rxf4 26. c4 Qf7 27. Rd2 d5 28. cxd5 cxd5 29. Rfd1 d4 30. Qb5 Qc7 31. a4 Rf6 32. Qd3 Rc6 33. Qb1 Rc8 34. h3 Rc1 35. Rxc1 Qxc1+ 36. Qxc1 Rxc1+ 37. Kh2 Rc3 38. f4 exf4 39. Rxd4 Rxb3 40. e5 Re3 41. Rxf4 Rxe5 42. Rf8+ Kh7 43. Ra8 Ra5 44. Kg3 Rxa4 45. Re8 a5 46. Re2 Ra1 47. Kf2 a4 48. Ke3 a3 49. Kd3 a2 50. Kc3 Rc1+ 51. Kb2 a1Q+ 0-1

[Event "NCA-ch sf"]
[Site "Managua"]
[Date "2023.02.05"]
[Round "6.19"]
[White "Lopez Masis, Kenard Evans"]
[Black "Munoz Cortez, Anahi Alexandra"]
[Result "1-0"]
[WhiteElo "1573"]
[BlackElo "1311"]
[PlyCount "129"]
[EventDate "2023.01.28"]
[EventType "swiss"]
[EventRounds "9"]
[EventCountry "NCA"]
[SourceTitle "CBM 213 Extra"]
[Source "ChessBase"]
[SourceDate "2023.05.31"]
[SourceVersion "1"]
[SourceVersionDate "2023.05.31"]
[SourceQuality "1"]

1. d4 d5 2. Bf4 Nf6 3. Nf3 Bf5 4. e3 e6 5. Nbd2 Nbd7 6. c4 dxc4 7. Bxc4 Bd6 8. Ne5 Bxe5 9. dxe5 Ne4 10. f3 Nxd2 11. Qxd2 Nb6 12. Qxd8+ Rxd8 13. Bb3 h6 14. e4 Bh7 15. 0-0 0-0 16. Rad1 g5 17. Be3 Nd7 18. Bd4 c5 19. Bc3 b5 20. Ba5 Nb6 21. Rd6 Rxd6 22. exd6 Rd8 23. Rd1 Rd7 24. Bxb6 axb6 25. a4 c4 26. Ba2 bxa4 27. Bxc4 Kf8 28. Bb5 Rd8 29. d7 f5 30. e5 f4 31. Rc1 Ke7 32. Rc8 h5 33. Rxd8 Kxd8 34. Bxa4 Bd3 35. Kf2 b5 36. Bb3 Kxd7 37. g3 Bc4 38. Bc2 Kc6 39. Be4+ Kc5 40. gxf4 gxf4 41. h4 Kb4 42. Bg6 Kb3 43. Bxh5 Bd3 44. Bf7 Bf5 45. h5 Bd3 46. Bg6 Bc4 47. h6 Kxb2 48. h7 b4 49. h8Q b3 50. Qh1 Ka2 51. Qb1+ Ka3 52. Qc1+ Kb4 53. Qxf4 Kc3 54. Qe3+ Kb4 55. Bd3 Bd5 56. f4 Ka3 57. Bc2 Kb2 58. Bxb3 Bxb3 59. Qd2+ Ka3 60. Qc3 Ka2 61. Ke3 Bd5 62. Kd4 Kb1 63. Qd2 Bb3 64. Kc3 Ka1 65. Qb2# 1-0

[Event "NCA-ch (Women)"]
[Site "Managua"]
[Date "2022.04.03"]
[Round "2"]
[White "Bolanos Garcia, Heidi Paola"]
[Black "Munoz Cortez, Anahi Alexandra"]
[Result "1-0"]
[WhiteElo "1298"]
[BlackElo "1306"]
[PlyCount "75"]
[EventDate "2022.04.02"]
[EventType "swiss"]
[EventRounds "9"]
[EventCountry "NCA"]
[SourceTitle "EXT 2023"]
[Source "ChessBase"]
[SourceDate "2022.10.05"]
[SourceVersion "1"]
[SourceVersionDate "2022.10.05"]
[SourceQuality "1"]

1. e4 e5 2. Nf3 Nc6 3. Bb5 a6 4. Ba4 b5 5. Bb3 Bc5 6. c3 d6 7. d4 exd4 8. cxd4 Bb6 9. Ng5 Nh6 10. Bd5 Bd7 11. 0-0 Rb8 12. Nf3 0-0 13. Bg5 Qe8 14. Qd2 Ng4 15. Nc3 h6 16. Bh4 Kh7 17. h3 Nf6 18. Bxf6 gxf6 19. Rfd1 Rg8 20. Kh1 Qf8 21. Ne2 Ne7 22. Bb3 Be6 23. Bc2 f5 24. Ng3 fxe4 25. Nxe4 f5 26. Ng3 Kh8 27. d5 Nxd5 28. Nxf5 Bxf5 29. Bxf5 Qxf5 30. Qxh6+ Qh7 31. Qxh7+ Kxh7 32. Rxd5 Bxf2 33. Rf1 Bc5 34. Ng5+ Kg6 35. Ne6 Bb6 36. Rg5+ Kh6 37. Rf6+ Kh7 38. Rh5# 1-0

[Event "NCA-ch U20"]
[Site "Managua"]
[Date "2021.06.27"]
[Round "2"]
[White "Rojas Laguna, Altieri Francisco"]
[Black "Munoz Cortez, Anahi Alexandra"]
[Result "1-0"]
[WhiteElo "1678"]
[BlackElo "1302"]
[PlyCount "79"]
[EventDate "2021.06.26"]
[EventType "swiss"]
[EventRounds "9"]
[EventCountry "NCA"]
[SourceTitle "EXT 2022"]
[Source "ChessBase"]
[SourceDate "2021.10.06"]
[SourceVersion "1"]
[SourceVersionDate "2021.10.06"]
[SourceQuality "1"]

1. e4 e5 2. Nf3 Nc6 3. Bc4 Bc5 4. c3 d6 5. d3 h6 6. 0-0 Bg4 7. Nbd2 Nf6 8. h3 Bh5 9. a4 a6 10. b4 Ba7 11. Re1 0-0 12. Nf1 Nh7 13. Ng3 Bg6 14. Qe2 Kh8 15. Be3 Bxe3 16. Qxe3 f5 17. exf5 Bxf5 18. Nxf5 Rxf5 19. Bd5 Ng5 20. Nh4 Rf6 21. Be4 Nxe4 22. Qxe4 Kg8 23. Re3 Rf4 24. Qd5+ Kh7 25. g3 Qg5 26. Nf3 Qg6 27. Kh2 Rf6 28. Rf1 Raf8 29. Kg2 Nd8 30. Nh4 Qf7 31. Qxf7 Nxf7 32. f4 Nd8 33. f5 Nf7 34. g4 Ng5 35. Ng6 R8f7 36. h4 Ne6 37. Ref3 Nf8 38. g5 Nxg6 39. fxg6+ Kxg6 40. gxf6 1-0

[Event "NCA-ch (Women) final"]
[Site "Managua"]
[Date "2021.04.17"]
[Round "7"]
[White "Munoz Cortez, Anahi Alexandra"]
[Black "Aleman Martinez, Verania Monserrat"]
[Result "0-1"]
[WhiteElo "1284"]
[BlackElo "1401"]
[PlyCount "116"]
[EventDate "2021.03.27"]
[EventType "tourn"]
[EventRounds "9"]
[EventCountry "NCA"]
[SourceTitle "EXT 2022"]
[Source "ChessBase"]
[SourceDate "2021.10.06"]
[SourceVersion "1"]
[SourceVersionDate "2021.10.06"]
[SourceQuality "1"]

1. e4 d5 2. exd5 Qxd5 3. Nc3 Qa5 4. d3 c6 5. Be2 Nf6 6. Nf3 Bf5 7. 0-0 e6 8. a3 Bd6 9. h3 h6 10. Nh2 0-0 11. Ng4 Nbd7 12. Ne3 Qc7 13. Nxf5 exf5 14. Bd2 Rfe8 15. Re1 Re7 16. Bf3 Rae8 17. Rxe7 Rxe7 18. Be3 a6 19. Qd2 Ne5 20. Be2 c5 21. Re1 Rd7 22. Rd1 c4 23. dxc4 Nxc4 24. Bxc4 Bh2+ 25. Kf1 Rxd2 26. Bxf7+ Qxf7 27. Rxd2 Qc4+ 28. Ke1 Be5 29. Ne2 Ne4 30. Rd8+ Kh7 31. c3 Qa2 32. Bc1 Bf6 33. Rd7 Bg5 34. Rxb7 Bxc1 35. Nxc1 Qb1 36. Kd1 Nxf2+ 37. Ke2 Qe4+ 38. Kxf2 Qxb7 39. Nd3 g5 40. b4 Qe4 41. Ne1 g4 42. hxg4 fxg4 43. a4 h5 44. g3 Qc4 45. b5 axb5 46. axb5 Qxc3 47. b6 Qc5+ 48. Kg2 Qxb6 49. Nd3 Qe3 50. Nf4 Qf3+ 51. Kh2 Qf2+ 52. Ng2 Kg6 53. Kh1 Qxg3 54. Kg1 h4 55. Kh1 h3 56. Nf4+ Qxf4 57. Kg1 g3 58. Kh1 Qf1# 0-1

[Event "Online Olym Div3 E"]
[Site "Chess.com INT"]
[Date "2020.08.09"]
[Round "7.2"]
[White "Sanchez Marcelino, Jennifer"]
[Black "Munoz Cortez, Anahi Alexandra"]
[Result "1-0"]
[WhiteElo "1614"]
[BlackElo "1284"]
[PlyCount "95"]
[EventDate "2020.08.07"]
[EventType "team-tourn (rapid)"]
[EventRounds "9"]
[EventCountry "USA"]
[SourceTitle "CBM 198"]
[Source "ChessBase"]
[SourceDate "2020.10.31"]
[SourceVersion "1"]
[SourceVersionDate "2020.10.31"]
[SourceQuality "1"]
[WhiteTeam "Dominican Republic"]
[BlackTeam "Nicaragua"]
[WhiteTeamCountry "DOM"]
[BlackTeamCountry "NCA"]

1. e4 e5 2. Nf3 Nc6 3. Bb5 a6 4. Ba4 b5 5. Bb3 Bc5 6. c3 d6 7. d4 exd4 8. cxd4 Bb6 9. Ng5 Be6 10. d5 h6 11. dxe6 fxe6 12. Nxe6 Qf6 13. 0-0 Nge7 14. Nc3 Ng6 15. Be3 Na5 16. Bxb6 cxb6 17. Nc7+ Kd7 18. Nxa8 Rxa8 19. Nd5 Qd8 20. Qg4+ Kc6 21. Qxg6 Ra7 22. Rac1+ Kb7 23. Rc7+ Kb8 24. Rxa7 Kxa7 25. Qxg7+ Nb7 26. Rc1 Kb8 27. Qc7+ Qxc7 28. Rxc7 Nc5 29. Re7 Kc8 30. Nxb6+ Kd8 31. Rh7 Nxe4 32. f3 Nc5 33. Bd5 h5 34. Kf2 a5 35. Ke3 h4 36. a3 b4 37. axb4 axb4 38. Kd4 b3 39. f4 h3 40. gxh3 Ke8 41. f5 Kf8 42. f6 Ke8 43. f7+ Kf8 44. Rh8+ Kg7 45. f8Q+ Kg6 46. Rg8+ Kh5 47. Qf5+ Kh6 48. Qg6# 1-0

[Event "Online Olym Div3 E"]
[Site "Chess.com INT"]
[Date "2020.08.08"]
[Round "5.3"]
[White "Lopez Sanchez, Anastacia Antonia"]
[Black "Munoz Cortez, Anahi Alexandra"]
[Result "1-0"]
[WhiteElo "1809"]
[BlackElo "1284"]
[PlyCount "153"]
[EventDate "2020.08.07"]
[EventType "team-tourn (rapid)"]
[EventRounds "9"]
[EventCountry "USA"]
[SourceTitle "CBM 198"]
[Source "ChessBase"]
[SourceDate "2020.10.31"]
[SourceVersion "1"]
[SourceVersionDate "2020.10.31"]
[SourceQuality "1"]
[WhiteTeam "Mexico"]
[BlackTeam "Nicaragua"]
[WhiteTeamCountry "MEX"]
[BlackTeamCountry "NCA"]

1. d4 d5 2. g3 Nf6 3. Bg2 Bf5 4. Nf3 e6 5. 0-0 Bd6 6. c4 dxc4 7. Qa4+ Nc6 8. Qxc4 0-0 9. Nc3 a6 10. Bg5 h6 11. Bxf6 Qxf6 12. e4 Bg4 13. e5 Qe7 14. exd6 Qxd6 15. d5 Bxf3 16. Bxf3 exd5 17. Bxd5 Na5 18. Qg4 c6 19. Bg2 Qe6 20. Qxe6 fxe6 21. Bh3 Rfe8 22. Rfe1 e5 23. Re4 b5 24. Rae1 Nc4 25. R1e2 Rad8 26. Kg2 Rd2 27. Rxd2 Nxd2 28. Re2 Nc4 29. b3 Nb6 30. Ne4 Nd5 31. Nc5 a5 32. Be6+ Kh8 33. Bxd5 cxd5 34. Nd3 e4 35. Nf4 d4 36. Rd2 d3 37. Nd5 Rc8 38. Ne3 a4 39. bxa4 bxa4 40. f3 exf3+ 41. Kxf3 Rd8 42. Ke4 Kg8 43. Rxd3 Rxd3 44. Kxd3 Kf7 45. Kc4 Ke6 46. Kb4 Ke5 47. Kxa4 Ke4 48. Nc4 Kf3 49. Kb5 Kg2 50. Ne5 Kxh2 51. g4 Kg3 52. a4 Kf4 53. a5 Kxe5 54. a6 Kf4 55. a7 Kxg4 56. a8Q g5 57. Qg2+ Kh4 58. Kc5 h5 59. Kd4 g4 60. Ke4 g3 61. Qh1+ Kg4 62. Ke3 h4 63. Ke2 Kf4 64. Qxh4+ Kf5 65. Qxg3 Kf6 66. Qh4+ Kg6 67. Qe4+ Kf6 68. Qd5 Ke7 69. Kf3 Kf6 70. Ke4 Ke7 71. Qc6 Kf8 72. Ke5 Kf7 73. Qe6+ Kg7 74. Qf6+ Kg8 75. Qe7 Kh8 76. Kf6 Kg8 77. Qg7# 1-0

[Event "Online Olym Div3 E"]
[Site "Chess.com INT"]
[Date "2020.08.07"]
[Round "1.5"]
[White "Vasquez Jaen, Lourdes Lorena"]
[Black "Munoz Cortez, Anahi Alexandra"]
[Result "0-1"]
[WhiteElo "1539"]
[BlackElo "1284"]
[PlyCount "88"]
[EventDate "2020.08.07"]
[EventType "team-tourn (rapid)"]
[EventRounds "9"]
[EventCountry "USA"]
[SourceTitle "CBM 198"]
[Source "ChessBase"]
[SourceDate "2020.10.31"]
[SourceVersion "1"]
[SourceVersionDate "2020.10.31"]
[SourceQuality "1"]
[WhiteTeam "Panama"]
[BlackTeam "Nicaragua"]
[WhiteTeamCountry "PAN"]
[BlackTeamCountry "NCA"]

1. e4 e5 2. Nf3 Nc6 3. d4 exd4 4. Nxd4 Nxd4 5. Qxd4 d6 6. Nc3 Be6 7. Be3 Be7 8. Be2 Nf6 9. h3 h6 10. Qd2 0-0 11. 0-0 a6 12. f4 Bd7 13. Rad1 Re8 14. e5 Nh7 15. Bf3 Bc8 16. Nd5 dxe5 17. fxe5 Ng5 18. Qc3 Nxf3+ 19. Rxf3 Be6 20. Nf6+ Bxf6 21. Rxd8 Bxd8 22. Bf2 c6 23. Qb4 b5 24. Rd3 Bd5 25. Bd4 Be7 26. Bc5 Bxc5+ 27. Qxc5 Rxe5 28. Qd6 Rae8 29. Rd2 Re1+ 30. Kh2 R1e6 31. Qg3 Rg6 32. Qf4 Rf6 33. Qd4 Rfe6 34. Qb6 Re2 35. Rxe2 Rxe2 36. Qb8+ Kh7 37. h4 Rxg2+ 38. Kh3 Rxc2 39. Qb7 Be6+ 40. Kg3 Bd5 41. Qxa6 Rg2+ 42. Kh3 Rxb2 43. a3 Rb3+ 44. Kg4 Kg6 0-1

[Event "NCA-ch sf (Women)"]
[Site "Managua"]
[Date "2020.03.08"]
[Round "6"]
[White "Medrano Barrera, Jenny Ariadna"]
[Black "Munoz Cortez, Anahi Alexandra"]
[Result "1/2-1/2"]
[WhiteElo "1152"]
[BlackElo "1303"]
[PlyCount "131"]
[EventDate "2020.02.29"]
[EventType "swiss"]
[EventRounds "9"]
[EventCountry "NCA"]
[SourceTitle "CBM 195 Extra"]
[Source "ChessBase"]
[SourceDate "2020.05.31"]
[SourceVersion "1"]
[SourceVersionDate "2020.05.31"]
[SourceQuality "1"]

1. e4 e5 2. Nf3 Nc6 3. d4 d6 4. Bb5 Bd7 5. Be3 a6 6. Ba4 b5 7. Bb3 Nf6 8. Nc3 b4 9. Nd5 Nxe4 10. dxe5 dxe5 11. 0-0 Be7 12. Re1 Nf6 13. Nxe7 Qxe7 14. Ng5 0-0 15. Qd3 h6 16. Ne4 Bf5 17. Bc5 Qxc5 18. Nxc5 Bxd3 19. Nxd3 Rfe8 20. Nc5 Nd4 21. Rad1 Nxb3 22. Nxb3 Re7 23. Nc5 a5 24. f3 Ne8 25. Nd7 f6 26. Nc5 Nd6 27. f4 Rae8 28. fxe5 fxe5 29. Ne4 Rd8 30. g3 Ree8 31. Nc5 Kf7 32. Rd5 Kf6 33. Rf1+ Kg5 34. Nd3 Nc4 35. Nf4 Rxd5 36. Nxd5 Nxb2 37. Nxc7 Rc8 38. Ne6+ Kg6 39. Rf2 Re8 40. Nc5 Nc4 41. Ne4 Na3 42. c3 Rc8 43. cxb4 axb4 44. Rb2 Rc1+ 45. Kf2 Rc2+ 46. Rxc2 Nxc2 47. Kf3 Nd4+ 48. Kg4 b3 49. axb3 Nxb3 50. Kf3 Nd4+ 51. Ke3 Kf5 52. Nd6+ Kg4 53. Ke4 Nf3 54. h3+ Kxg3 55. Nf5+ Kg2 56. Nxg7 Kf2 57. Nf5 h5 58. h4 Kg2 59. Ng7 Nxh4 60. Nxh5 Nf3 61. Nf6 Kg3 62. Nd5 Kg4 63. Ne3+ Kg3 64. Nc4 Kg4 65. Nxe5+ Nxe5 66. Kxe5 1/2-1/2